| 000 | 00507nam a2200193 a 4500 | ||
|---|---|---|---|
| 001 | 1770453311746 | ||
| 003 | YourLibrary | ||
| 005 | 20260207140841.0 | ||
| 008 | 260207s2010##################000#0#eng## | ||
| 020 | _a9780470626825 | ||
| 082 | 0 | 4 |
_a333.33870973 _bWOO |
| 100 | 1 |
_aWood, Tony, _eauthor. |
|
| 245 | 1 | 0 | _aThe Commercial Real Estate Tsunami : |
| 260 |
_bWiley, _c2010. |
||
| 300 | _a215 pages | ||
| 650 | 0 | _aBusiness & Economics. | |
| 942 | _cENGLISH | ||
| 040 |
_aYourLibrary _beng _cYourLibrary |
||
| 999 |
_c610943 _d610943 |
||